| 000 | 00966nam a22003137a 4500 | ||
|---|---|---|---|
| 001 | BR7304511 | ||
| 003 | BR-BrBNA | ||
| 005 | 20230928084036.0 | ||
| 007 | ta | ||
| 008 | 230509b bl.||||| |||| 00| 0 por d | ||
| 040 |
_aBR-BrBNA _bpor _cBiblioteca Nacional de Agricultura |
||
| 041 | _a(Por) | ||
| 072 |
_aF00; H20 _b0230 _b4120 |
||
| 090 | _ 0230 BR7304511 | ||
| 100 | 1 | _aAzzi, G.M. | |
| 100 | 1 | _aCarvalho, C.T. de | |
| 110 | 1 | _aInstituto do Acucar e do Alcool, Rio de Janeiro, GB (Brasil). Div. de Assistencia a Producao | |
| 245 | 1 | _aMedidas de precaucao recomendadas para a introducao de novas variedades de canas em uma zona produtora. O carvao da cana de acucar | |
| 260 | 3 |
_aRio de Janeiro, GB (Brasil): _c1967. |
|
| 300 | _a16 p. | ||
| 500 | _a7 ref. | ||
| 650 | _aCANA DE ACUCAR | ||
| 650 | _aVARIEDADE | ||
| 650 | _aSEMENTE | ||
| 650 | _aINSPECAO SANITARIA | ||
| 650 | _aCARVAO | ||
| 909 |
_a202309 _bLucia _c55 _dLucia Elande |
||
| 942 | _cBK | ||
| 999 |
_c16496 _d16496 |
||